[Event "Muensterland Verbandsklasse 2526"]
[Site "Germany"]
[Date "2025.12.13"]
[Round "4"]
[Board "5"]
[White "Saphoerster, Arne"]
[Black "Harbring, Morten"]
[Result "1-0"]
[WhiteElo "1705"]
[BlackElo "1535"]
[WhiteFideId "-1"]
[BlackFideId "-1"]
[PlyCount "49"]
[GameId "2095107403830488"]
[EventDate "2025.??.??"]
[EventType "team-tourn"]
[EventRounds "9"]
[EventCountry "GER"]
[SourceTitle "Verband Muensterland"]
[SourceDate "2026.01.17"]
[SourceVersion "1"]
[SourceVersionDate "2026.01.17"]
[SourceQuality "1"]
[WhiteTeam "Drensteinfurt"]
[BlackTeam "Bocholt II"]
[WhiteTeamCountry "GER"]
[BlackTeamCountry "GER"]

1. d4 Nf6 2. c4 g6 3. Nc3 Bg7 4. e4 d6 5. Nf3 O-O 6. h3 e5 7. d5 h6 8. Be3 Nbd7 9. b4 b6 10. Bd3 a5 11. a3 Nb8 12. c5 axb4 13. axb4 Rxa1 14. Qxa1 bxc5 15. bxc5 c6 16. Qa7 Nbd7 17. cxd6 cxd5 18. exd5 Re8 19. Bb5 e4 20. Nd4 Rf8 21. Nc6 Qe8 22. Ne7+ Kh7 23. Na4 Ng8 24. Nxc8 Qxc8 25. Qxd7 1-0

[Event "Muensterland Verbandsklasse 2526"]
[Site "Germany"]
[Date "2025.12.13"]
[Round "4"]
[Board "6"]
[White "Mager, Helmut"]
[Black "Walter, Kiara Laurien"]
[Result "0-1"]
[WhiteElo "1515"]
[BlackElo "1690"]
[WhiteFideId "-1"]
[BlackFideId "-1"]
[PlyCount "55"]
[GameId "2095107464140001"]
[EventDate "2025.??.??"]
[EventType "team-tourn"]
[EventRounds "9"]
[EventCountry "GER"]
[SourceTitle "Verband Muensterland"]
[SourceDate "2026.01.17"]
[SourceVersion "1"]
[SourceVersionDate "2026.01.17"]
[SourceQuality "1"]
[WhiteTeam "Bocholt II"]
[BlackTeam "Drensteinfurt"]
[WhiteTeamCountry "GER"]
[BlackTeamCountry "GER"]

1. d4 Nf6 2. c4 g6 3. Nc3 d6 4. Bf4 Bg7 5. e3 O-O 6. Nf3 Nbd7 7. Be2 h6 8. O-O Nh5 9. Bg3 Nxg3 10. hxg3 e5 11. dxe5 dxe5 12. Qc2 c6 13. Rfd1 Qe7 14. a3 f5 15. Rd2 Kh7 16. Rad1 Nf6 17. b4 f4 18. Nh4 e4 19. gxf4 Ng4 20. g3 Re8 21. Ng2 Nf6 22. Na4 Qe6 23. f3 Qh3 24. Kf2 exf3 25. Bxf3 Bg4 26. Nh4 Qh2+ 27. Ng2 Bxf3 28. Kxf3 0-1

[Event "Muensterland Verbandsklasse 2526"]
[Site "Germany"]
[Date "2025.12.13"]
[Round "4"]
[Board "8"]
[White "Larrass, Ingolf"]
[Black "Delchmann, David"]
[Result "1-0"]
[WhiteElo "1611"]
[BlackElo "1535"]
[WhiteFideId "-1"]
[BlackFideId "-1"]
[PlyCount "99"]
[GameId "2095107615425779"]
[EventDate "2025.??.??"]
[EventType "team-tourn"]
[EventRounds "9"]
[EventCountry "GER"]
[SourceTitle "Verband Muensterland"]
[SourceDate "2026.01.17"]
[SourceVersion "1"]
[SourceVersionDate "2026.01.17"]
[SourceQuality "1"]
[WhiteTeam "Bocholt II"]
[BlackTeam "Drensteinfurt"]
[WhiteTeamCountry "GER"]
[BlackTeamCountry "GER"]

1. Nf3 e6 2. d4 d5 3. g3 Nf6 4. Bg2 c6 5. O-O Nbd7 6. Nbd2 Bd6 7. c4 O-O 8. b3 e5 9. dxe5 Nxe5 10. Bb2 Re8 11. Rc1 Qa5 12. a3 Qd8 13. Qc2 b6 14. Rfd1 Ba6 15. Nd4 c5 16. Nf5 Bc7 17. Ne4 Neg4 18. Nxf6+ Nxf6 19. Bxd5 Nxd5 20. Rxd5 Qb8 21. Nxg7 Bb7 22. Nxe8 Qxe8 23. Rg5+ Kf8 24. Bg7+ Ke7 25. Qc3 Qc6 26. Qe3+ Kd7 27. Rd1+ Kc8 28. f3 f6 29. Rgd5 Be5 30. Qd3 Qe6 31. Rd8+ Kc7 32. Qd7+ Qxd7 33. R1xd7+ Kc6 34. Rxa8 Kxd7 35. Rh8 Bd4+ 36. Kf1 Ke6 37. Rxh7 Bc8 38. Bh6 Kf5 39. Rxa7 Kg6 40. Bc1 Bh3+ 41. Ke1 Kf5 42. e3 Ba1 43. Ra6 b5 44. cxb5 Ke5 45. g4 f5 46. g5 f4 47. exf4+ Kd4 48. Bd2 Kd3 49. b6 Bg2 50. b7 1-0

[Event "Muensterland Verbandsklasse 2526"]
[Site "Germany"]
[Date "2026.01.17"]
[Round "5"]
[Board "1"]
[White "Raus, Michael"]
[Black "Georg, Felix"]
[Result "0-1"]
[WhiteElo "1702"]
[BlackElo "2042"]
[WhiteFideId "-1"]
[BlackFideId "-1"]
[PlyCount "106"]
[GameId "2223846287041854"]
[EventDate "2025.??.??"]
[EventType "team-tourn"]
[EventRounds "9"]
[EventCountry "GER"]
[SourceTitle "Verband Muensterland"]
[SourceDate "2026.01.17"]
[SourceVersion "1"]
[SourceVersionDate "2026.01.17"]
[SourceQuality "1"]
[WhiteTeam "Steinfurt II"]
[BlackTeam "Nordkirchen"]
[WhiteTeamCountry "GER"]
[BlackTeamCountry "GER"]

1. e4 c6 2. d4 d5 3. exd5 cxd5 4. c3 Nc6 5. Nf3 Bg4 6. Nbd2 e6 7. Qa4 Qc7 8. Ne5 Bh5 9. Bb5 Nge7 10. O-O f6 11. Nxc6 bxc6 12. Bd3 Bg6 13. Qc2 e5 14. f3 Bxd3 15. Qxd3 Ng6 16. Nb3 a5 17. Be3 a4 18. Nd2 Bd6 19. g3 O-O 20. Kg2 Rae8 21. Rfe1 Re7 22. Qc2 Qa5 23. Bf2 Rfe8 24. b4 Qa6 25. a3 Nf8 26. Rac1 Nd7 27. Qb1 Nb6 28. dxe5 Rxe5 29. Bxb6 Qxb6 30. Rxe5 fxe5 31. Qd3 Be7 32. c4 Rd8 33. c5 Qb7 34. Qe2 Bf6 35. Rd1 Re8 36. Kf2 Bg5 37. Nb1 e4 38. Nc3 e3+ 39. Kg2 Bf6 40. Rd3 Bxc3 41. Rxc3 d4 42. Rd3 Qb5 43. Kf1 Qc4 44. Rd1 Qd5 45. Rd3 g5 46. Kg1 g4 47. f4 h5 48. Rd1 Kg7 49. Rd3 Kf6 50. Rd1 Qf3 51. Qe1 e2 52. Rd2 Qe3+ 53. Kg2 Qxd2 0-1

[Event "Muensterland Verbandsklasse 2526"]
[Site "Germany"]
[Date "2026.01.17"]
[Round "5"]
[Board "2"]
[White "Husemann, Andreas"]
[Black "Freitag, Michael"]
[Result "1/2-1/2"]
[WhiteElo "1858"]
[BlackElo "1716"]
[WhiteFideId "-1"]
[BlackFideId "-1"]
[PlyCount "50"]
[GameId "2223846287041854"]
[EventDate "2025.??.??"]
[EventType "team-tourn"]
[EventRounds "9"]
[EventCountry "GER"]
[SourceTitle "Verband Muensterland"]
[SourceDate "2026.01.17"]
[SourceVersion "1"]
[SourceVersionDate "2026.01.17"]
[SourceQuality "1"]
[WhiteTeam "Nordkirchen"]
[BlackTeam "Steinfurt II"]
[WhiteTeamCountry "GER"]
[BlackTeamCountry "GER"]

1. d4 d5 2. Nf3 e6 3. c4 f5 4. g3 c6 5. Bg2 Bd6 6. O-O Nf6 7. b3 Nbd7 8. Bb2 O-O 9. Nbd2 Ng4 10. h3 Nh6 11. Ne5 Nf6 12. Qc2 Ne4 13. Kh2 Qg5 14. e3 Nf6 15. Kg1 Qh5 16. Qd1 Qe8 17. Rc1 Qe7 18. Nd3 g5 19. Nf3 Ne4 20. Nfe5 Nf6 21. Qe2 Qg7 22. a4 Kh8 23. Rc2 Rg8 24. Rfc1 Bd7 25. b4 a6 1/2-1/2

[Event "Muensterland Verbandsklasse 2526"]
[Site "Germany"]
[Date "2026.01.17"]
[Round "5"]
[Board "3"]
[White "Terhorst, Timo"]
[Black "Jendrich, Manuel"]
[Result "1/2-1/2"]
[WhiteElo "1644"]
[BlackElo "1832"]
[WhiteFideId "-1"]
[BlackFideId "-1"]
[PlyCount "58"]
[GameId "2223846287041854"]
[EventDate "2025.??.??"]
[EventType "team-tourn"]
[EventRounds "9"]
[EventCountry "GER"]
[SourceTitle "Verband Muensterland"]
[SourceDate "2026.01.17"]
[SourceVersion "1"]
[SourceVersionDate "2026.01.17"]
[SourceQuality "1"]
[WhiteTeam "Steinfurt II"]
[BlackTeam "Nordkirchen"]
[WhiteTeamCountry "GER"]
[BlackTeamCountry "GER"]

1. Nf3 b6 2. c4 Bb7 3. e3 Nf6 4. d4 e6 5. Nc3 d5 6. cxd5 Nxd5 7. Bd2 Be7 8. Rc1 O-O 9. Bc4 Nd7 10. Bxd5 exd5 11. O-O c5 12. Re1 Bf6 13. Qc2 Rc8 14. Qf5 g6 15. Qf4 Bg7 16. Nb5 Ba6 17. Nc3 Nf6 18. dxc5 Rxc5 19. Nd4 Qd7 20. f3 Re8 21. g4 Rec8 22. Kf2 Qc7 23. Qxc7 R5xc7 24. g5 Nd7 25. Nxd5 Rxc1 26. Rxc1 Rxc1 27. Bxc1 Ne5 28. Nb4 Nd3+ 29. Nxd3 Bxd3 1/2-1/2

[Event "Muensterland Verbandsklasse 2526"]
[Site "Germany"]
[Date "2026.01.17"]
[Round "5"]
[Board "4"]
[White "Grawunder, Juergen"]
[Black "Schmitz, Carolin"]
[Result "1-0"]
[WhiteElo "1915"]
[BlackElo "1616"]
[WhiteFideId "-1"]
[BlackFideId "-1"]
[PlyCount "51"]
[GameId "2223846287041854"]
[EventDate "2025.??.??"]
[EventType "team-tourn"]
[EventRounds "9"]
[EventCountry "GER"]
[SourceTitle "Verband Muensterland"]
[SourceDate "2026.01.17"]
[SourceVersion "1"]
[SourceVersionDate "2026.01.17"]
[SourceQuality "1"]
[WhiteTeam "Nordkirchen"]
[BlackTeam "Steinfurt II"]
[WhiteTeamCountry "GER"]
[BlackTeamCountry "GER"]

1. b4 e6 2. Bb2 d5 3. Nf3 Nf6 4. a3 c5 5. bxc5 Bxc5 6. e3 O-O 7. d4 Bb6 8. Nbd2 Nc6 9. Bd3 Bc7 10. O-O a6 11. a4 Re8 12. c4 e5 13. cxd5 Nxd5 14. Be4 exd4 15. Nxd4 Nxd4 16. Bxd4 Qd6 17. Qh5 g6 18. Qh6 Nf6 19. Bf3 Bd8 20. Ne4 Rxe4 21. Bxe4 Be7 22. Bf3 Bf8 23. Qg5 Bg7 24. Rfd1 h6 25. Qa5 Qe6 26. Rab1 1-0

[Event "Muensterland Verbandsklasse 2526"]
[Site "Germany"]
[Date "2026.01.17"]
[Round "5"]
[Board "5"]
[White "Raus, Christina"]
[Black "Steffens, Gerd"]
[Result "0-1"]
[WhiteElo "1557"]
[BlackElo "1721"]
[WhiteFideId "-1"]
[BlackFideId "-1"]
[PlyCount "59"]
[GameId "2223846287041854"]
[EventDate "2025.??.??"]
[EventType "team-tourn"]
[EventRounds "9"]
[EventCountry "GER"]
[SourceTitle "Verband Muensterland"]
[SourceDate "2026.01.17"]
[SourceVersion "1"]
[SourceVersionDate "2026.01.17"]
[SourceQuality "1"]
[WhiteTeam "Steinfurt II"]
[BlackTeam "Nordkirchen"]
[WhiteTeamCountry "GER"]
[BlackTeamCountry "GER"]

1. d4 e6 2. c4 b6 3. Nc3 Bb7 4. Nf3 Nf6 5. Bg5 h6 6. Bxf6 Qxf6 7. e4 Bb4 8. Bd3 d6 9. O-O Bxc3 10. bxc3 Nc6 11. Bc2 Na5 12. Qd3 O-O-O 13. Nd2 Ba6 14. Bb3 d5 15. exd5 exd5 16. Rfe1 Kb8 17. Re5 dxc4 18. Bxc4 Nxc4 19. Nxc4 Rhe8 20. Ree1 Re6 21. Rab1 Rde8 22. Red1 Rc6 23. Ne5 Bxd3 24. Nd7+ Kb7 25. Nxf6 Rxf6 26. Rxd3 Re2 27. Rf1 Rxa2 28. f3 Re6 29. Rf2 Re1+ 30. Rf1 0-1

[Event "Muensterland Verbandsklasse 2526"]
[Site "Germany"]
[Date "2026.01.17"]
[Round "5"]
[Board "6"]
[White "Grasse, Herbert"]
[Black "Weiermann, Ewald"]
[Result "1-0"]
[WhiteElo "1729"]
[BlackElo "1603"]
[WhiteFideId "-1"]
[BlackFideId "-1"]
[PlyCount "57"]
[GameId "2223846287041854"]
[EventDate "2025.??.??"]
[EventType "team-tourn"]
[EventRounds "9"]
[EventCountry "GER"]
[SourceTitle "Verband Muensterland"]
[SourceDate "2026.01.17"]
[SourceVersion "1"]
[SourceVersionDate "2026.01.17"]
[SourceQuality "1"]
[WhiteTeam "Nordkirchen"]
[BlackTeam "Steinfurt II"]
[WhiteTeamCountry "GER"]
[BlackTeamCountry "GER"]

1. Nf3 e6 2. g3 d5 3. Bg2 Nf6 4. O-O Be7 5. d3 O-O 6. Nbd2 c5 7. e4 Nc6 8. Re1 Qc7 9. a3 b6 10. c3 Bb7 11. e5 Nd7 12. d4 cxd4 13. cxd4 Rac8 14. b4 b5 15. Bf1 a6 16. Nb3 Nb6 17. Nc5 Nc4 18. Bg5 Rfe8 19. Bxe7 Qxe7 20. Qb3 Rb8 21. Bd3 h6 22. Bb1 Bc8 23. Qd3 g6 24. Nh4 Qg5 25. f4 Qg4 26. Kg2 g5 27. Qh7+ Kf8 28. Qxh6+ Ke7 29. Qf6+ 1-0

[Event "Muensterland Verbandsklasse 2526"]
[Site "Germany"]
[Date "2026.01.17"]
[Round "5"]
[Board "7"]
[White "Dehler, Markus"]
[Black "Droste, Michael"]
[Result "1/2-1/2"]
[WhiteElo "1574"]
[BlackElo "1536"]
[WhiteFideId "-1"]
[BlackFideId "-1"]
[PlyCount "38"]
[GameId "2223846287041854"]
[EventDate "2025.??.??"]
[EventType "team-tourn"]
[EventRounds "9"]
[EventCountry "GER"]
[SourceTitle "Verband Muensterland"]
[SourceDate "2026.01.17"]
[SourceVersion "1"]
[SourceVersionDate "2026.01.17"]
[SourceQuality "1"]
[WhiteTeam "Steinfurt II"]
[BlackTeam "Nordkirchen"]
[WhiteTeamCountry "GER"]
[BlackTeamCountry "GER"]

1. d4 d5 2. Nf3 g6 3. Bf4 Bg7 4. e3 Nf6 5. Bd3 O-O 6. Nbd2 Nbd7 7. Rc1 c5 8. b3 cxd4 9. exd4 Nh5 10. Bg3 Qb6 11. c3 Qe6+ 12. Qe2 Qxe2+ 13. Bxe2 Nxg3 14. hxg3 Nf6 15. Bd3 Ng4 16. O-O e5 17. dxe5 Nxe5 18. Nxe5 Bxe5 19. f4 Bf6 1/2-1/2

[Event "Muensterland Verbandsklasse 2526"]
[Site "Germany"]
[Date "2026.01.17"]
[Round "5"]
[Board "8"]
[White "Zoelzer, Timo"]
[Black "Radisic, Sascha"]
[Result "1-0"]
[WhiteElo "1408"]
[BlackElo "1561"]
[WhiteFideId "-1"]
[BlackFideId "-1"]
[PlyCount "83"]
[GameId "2223846287041854"]
[EventDate "2025.??.??"]
[EventType "team-tourn"]
[EventRounds "9"]
[EventCountry "GER"]
[SourceTitle "Verband Muensterland"]
[SourceDate "2026.01.17"]
[SourceVersion "1"]
[SourceVersionDate "2026.01.17"]
[SourceQuality "1"]
[WhiteTeam "Nordkirchen"]
[BlackTeam "Steinfurt II"]
[WhiteTeamCountry "GER"]
[BlackTeamCountry "GER"]

1. c4 c5 2. Nc3 Nc6 3. d3 b6 4. g3 Bb7 5. Bg2 g6 6. e4 Bg7 7. Nge2 d6 8. O-O e5 9. Rb1 Nge7 10. f4 O-O 11. f5 f6 12. fxg6 hxg6 13. g4 Bc8 14. Ng3 Nd4 15. g5 Qd7 16. gxf6 Rxf6 17. Rxf6 Bxf6 18. Bh6 Qg4 19. Qf1 Bg7 20. Bxg7 Kxg7 21. Qf2 Be6 22. Rf1 Qg5 23. Nd5 Rd8 24. Nc7 Bg8 25. Bh3 Nec6 26. a3 Qe7 27. Nd5 Qf8 28. Qg2 Qe8 29. Nh5+ Kh6 30. Nhf6 Qf8 31. Ng4+ Kg7 32. Rxf8 Rxf8 33. Nge3 Nf3+ 34. Kh1 Ncd4 35. Nf5+ Nxf5 36. Bxf5 Nh4 37. Qg4 Bxd5 38. Qxh4 gxf5 39. cxd5 fxe4 40. dxe4 Rf4 41. Qe7+ Kg8 42. Qxd6 1-0

[Event "Muensterland Verbandsklasse 2526"]
[Site "Germany"]
[Date "2026.01.17"]
[Round "5"]
[Board "1"]
[White "Huelsmann, Josef"]
[Black "Koke, Christoph"]
[Result "1/2-1/2"]
[WhiteElo "2011"]
[BlackElo "2065"]
[WhiteFideId "-1"]
[BlackFideId "-1"]
[PlyCount "102"]
[GameId "553695994361"]
[EventDate "2025.??.??"]
[EventType "team-tourn"]
[EventRounds "9"]
[EventCountry "GER"]
[SourceTitle "Verband Muensterland"]
[SourceDate "2026.01.17"]
[SourceVersion "1"]
[SourceVersionDate "2026.01.17"]
[SourceQuality "1"]
[WhiteTeam "Nordwalde"]
[BlackTeam "Olfen"]
[WhiteTeamCountry "GER"]
[BlackTeamCountry "GER"]

1. d4 Nf6 2. Nf3 e6 3. c4 Bb4+ 4. Bd2 Qe7 5. g3 b6 6. Bg2 Bb7 7. O-O Bxd2 8. Nbxd2 d6 9. Qc2 c5 10. e4 cxd4 11. Nxd4 O-O 12. Rfe1 Rc8 13. Rac1 Nc6 14. N2b3 Nb4 15. Qd2 a5 16. a3 Na6 17. Nb5 Rd8 18. Qe3 a4 19. N3d4 Nc5 20. f3 g6 21. b4 axb3 22. Nxb3 Na4 23. Bf1 Ne8 24. Rc2 Nc7 25. Nxc7 Qxc7 26. Nd4 Qc5 27. Nb5 Bc6 28. Qxc5 Nxc5 29. Nd4 Bd7 30. Rb2 Ra6 31. Reb1 Rb8 32. Nc2 Kf8 33. Kf2 Ke7 34. Be2 f5 35. exf5 gxf5 36. Ra1 Kd8 37. Ke3 Rba8 38. Rab1 Kc7 39. Kf4 Rg8 40. Ke3 e5 41. Ra1 Be6 42. Rab1 Bf7 43. Ra1 Ra4 44. Rb4 Ra6 45. Rb2 Rg7 46. Rab1 Be6 47. Ra1 Rg6 48. Kf2 Ra4 49. Rb4 Ra6 50. Rb2 Ra4 51. Rb4 Ra6 1/2-1/2

[Event "Muensterland Verbandsklasse 2526"]
[Site "Germany"]
[Date "2026.01.17"]
[Round "5"]
[Board "2"]
[White "Pinno, Gregor"]
[Black "Lerke, Bernd"]
[Result "1-0"]
[WhiteElo "1976"]
[BlackElo "1869"]
[WhiteFideId "-1"]
[BlackFideId "-1"]
[PlyCount "56"]
[GameId "553696459788"]
[EventDate "2025.??.??"]
[EventType "team-tourn"]
[EventRounds "9"]
[EventCountry "GER"]
[SourceTitle "Verband Muensterland"]
[SourceDate "2026.01.17"]
[SourceVersion "1"]
[SourceVersionDate "2026.01.17"]
[SourceQuality "1"]
[WhiteTeam "Olfen"]
[BlackTeam "Nordwalde"]
[WhiteTeamCountry "GER"]
[BlackTeamCountry "GER"]

1. e4 c5 2. Nf3 Nc6 3. d3 Nf6 4. g3 d6 5. Bg2 e5 6. O-O Be7 7. c3 O-O 8. a3 a5 9. a4 Rb8 10. Re1 Bg4 11. Na3 h6 12. Qc2 Nh7 13. Nd2 Ng5 14. f3 Bh3 15. Ndc4 Bxg2 16. Kxg2 Ne6 17. Nb5 f5 18. exf5 d5 19. fxe6 dxc4 20. dxc4 Qc8 21. Qe4 Kh8 22. Be3 Qxe6 23. Nc7 Qd7 24. Nd5 Bd6 25. Rad1 Rbe8 26. Bxc5 Qe6 27. Nf6 Qxf6 28. Rxd6 Re6 1-0

[Event "Muensterland Verbandsklasse 2526"]
[Site "Germany"]
[Date "2026.01.17"]
[Round "5"]
[Board "3"]
[White "Hols, Bernhard"]
[Black "Preuss, Richard"]
[Result "0-1"]
[WhiteElo "1792"]
[BlackElo "1798"]
[WhiteFideId "-1"]
[BlackFideId "-1"]
[PlyCount "104"]
[GameId "553696593000"]
[EventDate "2025.??.??"]
[EventType "team-tourn"]
[EventRounds "9"]
[EventCountry "GER"]
[SourceTitle "Verband Muensterland"]
[SourceDate "2026.01.17"]
[SourceVersion "1"]
[SourceVersionDate "2026.01.17"]
[SourceQuality "1"]
[WhiteTeam "Nordwalde"]
[BlackTeam "Olfen"]
[WhiteTeamCountry "GER"]
[BlackTeamCountry "GER"]

1. d4 d5 2. Nf3 Nf6 3. Bf4 e6 4. Nbd2 c5 5. e3 Qb6 6. Rb1 Nc6 7. c3 Bd7 8. Ne5 Be7 9. Bd3 Rc8 10. g4 cxd4 11. exd4 Nxe5 12. dxe5 Ng8 13. Qc2 h5 14. Rg1 g5 15. Be3 Bc5 16. Bxc5 Qxc5 17. Nf3 d4 18. Rc1 dxc3 19. bxc3 Ne7 20. c4 Nd5 21. gxh5 Nb4 22. Qe2 Nxd3+ 23. Qxd3 Rxh5 24. Qe2 Qa3 25. Rc2 Ba4 26. Nxg5 Bxc2 27. Qxc2 Qb4+ 28. Kf1 Qxc4+ 29. Qxc4 Rxc4 30. Nf3 Kf8 31. Rg3 Ra4 32. Ng5 Rxa2 33. h4 Rxh4 34. Rf3 Rg4 35. Nxe6+ Ke7 36. Nf4 a5 37. Nd5+ Ke6 38. Ne3 Re4 39. Rf6+ Kxe5 40. Rxf7 Rf4 41. Rxb7 Rfxf2+ 42. Kg1 Kd4 43. Nf1 a4 44. Rd7+ Kc5 45. Rc7+ Kb6 46. Rh7 a3 47. Rh6+ Kc5 48. Rh5+ Kd4 49. Rh4+ Ke5 50. Ne3 Rfe2 51. Nc4+ Kf6 52. Kf1 Rec2 0-1

[Event "Muensterland Verbandsklasse 2526"]
[Site "Germany"]
[Date "2026.01.17"]
[Round "5"]
[Board "4"]
[White "Beutelhoff, Josef"]
[Black "Sandmann, Matthias"]
[Result "1-0"]
[WhiteElo "1820"]
[BlackElo "1766"]
[WhiteFideId "-1"]
[BlackFideId "-1"]
[PlyCount "67"]
[GameId "553697009740"]
[EventDate "2025.??.??"]
[EventType "team-tourn"]
[EventRounds "9"]
[EventCountry "GER"]
[SourceTitle "Verband Muensterland"]
[SourceDate "2026.01.17"]
[SourceVersion "1"]
[SourceVersionDate "2026.01.17"]
[SourceQuality "1"]
[WhiteTeam "Olfen"]
[BlackTeam "Nordwalde"]
[WhiteTeamCountry "GER"]
[BlackTeamCountry "GER"]

1. d4 Nf6 2. c4 c5 3. Nf3 d6 4. dxc5 dxc5 5. Qxd8+ Kxd8 6. Nc3 Bd7 7. e4 e6 8. e5 Ng8 9. Be3 Bc6 10. Ng5 Nh6 11. f4 Be7 12. O-O-O+ Nd7 13. Nge4 Nf5 14. Bf2 h5 15. Nxc5 Kc7 16. Nxd7 Bxd7 17. Bd3 Bc6 18. Bxf5 exf5 19. Nd5+ Bxd5 20. cxd5 Kd7 21. Kb1 f6 22. Rhe1 fxe5 23. fxe5 b6 24. d6 Bg5 25. h4 Bf4 26. g3 Bh6 27. e6+ Kd8 28. Re5 g6 29. Re2 Rg8 30. Bd4 Bg7 31. Bxg7 Rxg7 32. Re5 Rg8 33. Rc1 Rg7 34. Rc3 1-0

[Event "Muensterland Verbandsklasse 2526"]
[Site "Germany"]
[Date "2026.01.17"]
[Round "5"]
[Board "5"]
[White "Szych, Lothar"]
[Black "Heimann, Karsten"]
[Result "0-1"]
[WhiteElo "1526"]
[BlackElo "1667"]
[WhiteFideId "-1"]
[BlackFideId "-1"]
[PlyCount "42"]
[GameId "553697307618"]
[EventDate "2025.??.??"]
[EventType "team-tourn"]
[EventRounds "9"]
[EventCountry "GER"]
[SourceTitle "Verband Muensterland"]
[SourceDate "2026.01.17"]
[SourceVersion "1"]
[SourceVersionDate "2026.01.17"]
[SourceQuality "1"]
[WhiteTeam "Nordwalde"]
[BlackTeam "Olfen"]
[WhiteTeamCountry "GER"]
[BlackTeamCountry "GER"]

1. d4 d5 2. c4 e6 3. Nc3 Nf6 4. Nf3 c6 5. Bg5 Bd6 6. c5 Bc7 7. b4 Nbd7 8. Qd2 O-O 9. Bf4 Re8 10. Bxc7 Qxc7 11. e3 e5 12. dxe5 Nxe5 13. Nxe5 Qxe5 14. Be2 Ng4 15. Bxg4 Bxg4 16. O-O Re6 17. Ne2 Bxe2 18. Qxe2 d4 19. Rfe1 Rae8 20. Rad1 dxe3 21. Qxe3 Qb2 0-1

[Event "Muensterland Verbandsklasse 2526"]
[Site "Germany"]
[Date "2026.01.17"]
[Round "5"]
[Board "6"]
[White "Breuer, Bernd"]
[Black "Keller, Hansjuergen"]
[Result "1/2-1/2"]
[WhiteElo "1764"]
[BlackElo "1506"]
[WhiteFideId "-1"]
[BlackFideId "-1"]
[PlyCount "46"]
[GameId "553697489807"]
[EventDate "2025.??.??"]
[EventType "team-tourn"]
[EventRounds "9"]
[EventCountry "GER"]
[SourceTitle "Verband Muensterland"]
[SourceDate "2026.01.17"]
[SourceVersion "1"]
[SourceVersionDate "2026.01.17"]
[SourceQuality "1"]
[WhiteTeam "Olfen"]
[BlackTeam "Nordwalde"]
[WhiteTeamCountry "GER"]
[BlackTeamCountry "GER"]

1. d4 d5 2. c4 e6 3. Nf3 Nf6 4. g3 c6 5. Bg2 Bd6 6. cxd5 exd5 7. O-O h6 8. Nc3 Bf5 9. Nh4 Bh7 10. e4 dxe4 11. Nxe4 O-O 12. Nxd6 Qxd6 13. Bf4 Qd7 14. Nf3 Na6 15. Ne5 Qd8 16. Qb3 Qb6 17. Qxb6 axb6 18. Nc4 Bd3 19. Rfc1 Bxc4 20. Rxc4 b5 21. Rc3 Rfd8 22. Be3 Nb4 23. a3 Nbd5 1/2-1/2

[Event "Muensterland Verbandsklasse 2526"]
[Site "Germany"]
[Date "2026.01.17"]
[Round "5"]
[Board "7"]
[White "Schmalbrock, Andreas"]
[Black "Hof, Frank"]
[Result "1/2-1/2"]
[WhiteElo "1386"]
[BlackElo "1520"]
[WhiteFideId "-1"]
[BlackFideId "-1"]
[PlyCount "53"]
[GameId "553697643913"]
[EventDate "2025.??.??"]
[EventType "team-tourn"]
[EventRounds "9"]
[EventCountry "GER"]
[SourceTitle "Verband Muensterland"]
[SourceDate "2026.01.17"]
[SourceVersion "1"]
[SourceVersionDate "2026.01.17"]
[SourceQuality "1"]
[WhiteTeam "Nordwalde"]
[BlackTeam "Olfen"]
[WhiteTeamCountry "GER"]
[BlackTeamCountry "GER"]

1. e4 e6 2. Nf3 d5 3. e5 c5 4. c3 Nc6 5. Bb5 a6 6. Bxc6+ bxc6 7. O-O Ne7 8. d4 Ng6 9. Be3 cxd4 10. cxd4 Be7 11. Nbd2 O-O 12. h3 Bd7 13. Rc1 Qb6 14. b3 Ba3 15. Rc2 Rfc8 16. Nb1 Be7 17. Qc1 Rc7 18. Rd1 Rac8 19. Rd3 a5 20. a3 c5 21. dxc5 Bxc5 22. Bxc5 Rxc5 23. Rdc3 Rxc3 24. Rxc3 Rxc3 25. Qxc3 a4 26. b4 Qc6 27. Qxc6 1/2-1/2

[Event "Muensterland Verbandsklasse 2526"]
[Site "Germany"]
[Date "2026.01.17"]
[Round "5"]
[Board "8"]
[White "Huening, Matthias"]
[Black "Overesch, Dieter"]
[Result "0-1"]
[WhiteElo "1435"]
[BlackElo "1658"]
[WhiteFideId "-1"]
[BlackFideId "-1"]
[PlyCount "46"]
[GameId "553697830866"]
[EventDate "2025.??.??"]
[EventType "team-tourn"]
[EventRounds "9"]
[EventCountry "GER"]
[SourceTitle "Verband Muensterland"]
[SourceDate "2026.01.17"]
[SourceVersion "1"]
[SourceVersionDate "2026.01.17"]
[SourceQuality "1"]
[WhiteTeam "Olfen"]
[BlackTeam "Nordwalde"]
[WhiteTeamCountry "GER"]
[BlackTeamCountry "GER"]

1. e4 d6 2. d4 Nf6 3. Nc3 e5 4. dxe5 dxe5 5. Qxd8+ Kxd8 6. Bg5 Be6 7. Nf3 Nbd7 8. a3 a6 9. Be2 Bd6 10. h3 h6 11. Be3 b5 12. O-O Ke7 13. Rfd1 Rhb8 14. Rab1 b4 15. axb4 Rxb4 16. Nd5+ Nxd5 17. exd5 Bf5 18. Rd2 a5 19. b3 a4 20. Rb2 Rab8 21. Bc4 Rxc4 22. Ne1 axb3 23. cxb3 Rc1 0-1